000 00724pam a2200217 a 4500
001 4345696
005 20241028174245.0
008 890419s1990 ilua 001 0 eng
020 _a9780870067570
050 0 0 _aNA7115
_b.K46 1990
082 0 0 _a728/.028
_220
100 1 _aKicklighter, Clois E.
245 1 0 _aArchitecture :
_bresidential drawing and design /
_cby Clois E. Kicklighter, Ronald J. Baird, Joan C. Kicklighter.
260 _aSouth Holland, Ill. :
_bGoodheart-Willcox Co.,
_cc1990.
300 _a656 p. :
_bill. (some col.) ;
_c29 cm.
500 _aIncludes index.
650 0 _aArchitecture, Domestic
_xDesigns and plans.
700 1 _aBaird, Ronald J.
700 1 _aKicklighter, Joan C.
942 _2lcc
_cBK
_n0
999 _c311
_d311